000 00861cam a2200253 4500
008 000000n2000 000 0 eng u
035 _a(Sirsi) u108174
245 _aOut of stock
260 _c2000
490 _aGuardian
_v6 September 2000, B2-3(2)
520 _aFaced with a huge housing debt and repairs backlog, Glasgow city council is preparing to hand over its entire housing stock to a housing association. The article discusses the implications for Glasgow and for council and social housing in Britain.
590 _aWB
600 _aHOUSING STOCK
650 _aCOUNCIL HOUSING
650 _aSOCIAL HOUSING
650 _aHOUSING POLICY
650 _aHOUSING ASSOCIATIONS
650 _aTRANSFERS
650 _aCIH
650 _aGLASGOW
650 _aHOUSING STOCK
690 _aPROPERTY MANAGEMENT-RESIDENTIAL PROPERTY
942 _n0
999 _c64613
_d64613